000 00866 a2200205 4500
001 54284
005 20260407155814.0
008 260407a1991 arg spa d
003 AR-UNSa-BCEJYS
040 _aAR-UNSa-BCEJYS
_bspa
_cAR-UNSa-BCEJYS
080 _a336.74
_xMoneda. Sistema monetario
245 1 0 _aDesindexación, el retorno al nominalismo
_panálisis de la ley Nº 23.928 de convertibilidad del austral
020 _a950-20-0602-x
264 1 _aBuenos Aires :
_bAbeledo Perrot
_c1991
300 _a191 p.
_c18 cm.
505 _a1. Esquema de situación a marzo de 1991 - 2. La ley 23.928 - 3. La regulación jurídica del nominalismo:Un retorno a lo clásico - 4. Las dedudas en moneda extranjera - 5. Una incognita:Las dedudas de valor - 6. Prognosis
942 _cBK
590 _aniveau_biblio:m niveau_hierar:0
100 1 _aAlterini, Atilio Aníbal
999 _c5453
_d5453